A-level mathematics / (Record no. 11312)

MARC details
000 -LEADER
fixed length control field 00710nam a2200241 a 4500
001 - CONTROL NUMBER
control field 00003102
008 - FIXED-LENGTH DATA ELEMENTS--GENERAL INFORMATION
fixed length control field 110328s1995 a g 000 0 eng d
020 ## - INTERNATIONAL STANDARD BOOK NUMBER
ISBN 1857583388 :
Terms of availability Pound9.95
040 ## - CATALOGING SOURCE
Original cataloging agency BD-DhIUB
Transcribing agency BD-DhIUB
082 04 - DEWEY DECIMAL CLASSIFICATION NUMBER
Classification number 510
Edition number 19
100 1# - MAIN ENTRY--PERSONAL NAME
Personal name Graham, Duncan
245 00 - TITLE STATEMENT
Title A-level mathematics /
Statement of responsibility, etc Duncan Graham, Christine Graham, Allan Whitcombe
250 ## - EDITION STATEMENT
Edition statement 1st ed.
260 ## - PUBLICATION, DISTRIBUTION, ETC. (IMPRINT)
Place of publication, distribution, etc London :
Name of publisher, distributor, etc Ltts Educational,
Date of publication, distribution, etc 1995.
300 ## - PHYSICAL DESCRIPTION
Extent xxix, 266 p. :
Other physical details ill. ;
Dimensions 30 cm.
520 0# - SUMMARY, ETC.
Summary, etc Mathematics and Statistics
556 ## - INFORMATION ABOUT DOCUMENTATION NOTE
Information about documentation note 1997-04-12
526 ## - STUDY PROGRAM INFORMATION NOTE
Department Mathmatics
650 17 - SUBJECT ADDED ENTRY--TOPICAL TERM
Topical term or geographic name as entry element Mathematics
Source of heading or term Spines
700 1# - ADDED ENTRY--PERSONAL NAME
Personal name Graham, Christine
700 1# - ADDED ENTRY--PERSONAL NAME
Personal name Whitcombe, Allan
Holdings
Withdrawn status Lost status Source of classification or shelving scheme Damaged status Not for loan Home library Current library Shelving location Date acquired Source of acquisition Cost, normal purchase price Full call number Barcode Date last seen Copy number Price effective from Koha item type
Withdrawn by 65th FC Meeting (2015) LOST Dewey Decimal Classification     Library, Independent University, Bangladesh (IUB) Library, Independent University, Bangladesh (IUB) General Stacks 21/04/2011   0.00 510 G738a 004642 18/05/2011 1 18/05/2011 Books